| 000 | 01416cmm a2200325 a 4500 | ||
|---|---|---|---|
| 999 |
_c27685 _d27685 |
||
| 001 | 5003067 | ||
| 003 | OSt | ||
| 005 | 20250225103137.0 | ||
| 008 | 970219s1994 ilu b eng | ||
| 010 | _a 97801485 | ||
| 020 | _a0852296002 | ||
| 040 |
_aDLC _cDLC _dDLC |
||
| 050 | 0 | 0 | _aAE5 |
| 082 | 1 | 0 |
_a032 _bE5633 |
| 245 | 0 | 0 | _aBritannica book of the year. |
| 246 | 3 | 0 | _aBritannica |
| 260 |
_aChicago, IL : _bEncyclopædia Britannica, _cc1994. |
||
| 300 | _a928 p. | ||
| 520 | _aIncludes an electronic version of the Encyclopædia Britannica (82,000 articlesin the Micropædia and Macropædia), Britannica book of the year (1993 and 1994), and the Merriam-Webster's collegiate dictionary (70,000 definitions of 60,000 words). Includes search, retrieval, and navigational software. | ||
| 538 | _aSystem requirements: PC with 80486/25 MHz; 4MB RAM; MS-DOS 3.1 or later; Microsoft Windows 3.1 or higher; Microsoft CD-ROM extensions (MSCDEX) 2.2 or later; VGA display card and VGA or multisynch monitor; CD-ROM drive; printer recommended.l | ||
| 650 | 0 |
_aEncyclopaedia _91110 |
|
| 650 | 0 |
_aYearbook _93579 |
|
| 650 | 0 |
_aEnglish language _vDictionaries. |
|
| 710 | 2 | _aEncyclopaedia Britannica, Inc. | |
| 730 | 0 | 2 | _aEncyclopaedia Britannica. |
| 730 | 0 | 2 | _aBritannica book of the year. |
| 906 |
_a7 _bcbc _corignew _du _encip _f19 _gy-gencompf |
||
| 942 |
_2ddc _cRT |
||